स्वामी रामानंद तीर्थ (Record no. 108329)
[ view plain ]
| 000 -LEADER | |
|---|---|
| fixed length control field | 00717nam a2200193Ia 4500 |
| 008 - FIXED-LENGTH DATA ELEMENTS--GENERAL INFORMATION | |
| fixed length control field | 090124s9999 xx 000 0 und d |
| 020 ## - INTERNATIONAL STANDARD BOOK NUMBER | |
| International Standard Book Number | 81-237-3745-9 |
| 082 ## - DEWEY DECIMAL CLASSIFICATION NUMBER | |
| Item number | 42142 |
| 100 ## - MAIN ENTRY--PERSONAL NAME | |
| Personal name | भालेराव अनंत |
| 245 ## - TITLE STATEMENT | |
| Title | स्वामी रामानंद तीर्थ |
| 250 ## - EDITION STATEMENT | |
| Edition statement | 3 |
| 260 ## - PUBLICATION, DISTRIBUTION, ETC. (IMPRINT) | |
| Name of publisher, distributor, etc | "नॅशनल बुक ट्रस्ट, इंडिय़ा नवी दिल्ली" |
| Date of publication, distribution, etc | 2003 |
| 300 ## - PHYSICAL DESCRIPTION | |
| Extent | 101 |
| 600 ## - SUBJECT ADDED ENTRY--PERSONAL NAME | |
| Personal name | भालेराव अनंत |
| 630 ## - SUBJECT ADDED ENTRY--UNIFORM TITLE | |
| Uniform title | स्वामी रामानंद तीर्थ |
| 700 ## - ADDED ENTRY--PERSONAL NAME | |
| Personal name | भालेराव अनंत |
| 730 ## - ADDED ENTRY--UNIFORM TITLE | |
| Uniform title | स्वामी रामानंद तीर्थ |
| 942 ## - ADDED ENTRY ELEMENTS (KOHA) | |
| Koha item type | Book |
| Withdrawn status | Lost status | Damaged status | Not for loan | Home library | Current library | Date acquired | Cost, normal purchase price | Total Checkouts | Full call number | Barcode | Date last seen | Cost, replacement price | Price effective from | Koha item type |
|---|---|---|---|---|---|---|---|---|---|---|---|---|---|---|
| Nagar Wachan Mandir, Thane | Nagar Wachan Mandir, Thane | 30.00 | 42142 | THNNWM-42142 | 01/24/2009 | 30.00 | 01/24/2009 | Book |